| 000 | 00666nam a2200217 a 4500 | ||
|---|---|---|---|
| 999 |
_c7440 _d7440 |
||
| 001 | 21046 | ||
| 003 | BD-DhUAP | ||
| 005 | 20210123120024.0 | ||
| 008 | 230121s2006 bg a b 001 0 eng | ||
| 022 | _a16831314 | ||
| 040 |
_aDNLM/DLC _cDLC _dDLC _dBD-DhUAP _beng |
||
| 082 | 0 | 0 |
_223 _a615.1 BAN |
| 245 | 1 | 0 | _aBangladesh national formulary (BDNF). |
| 250 | _a3rd ed. | ||
| 260 |
_aDhaka : _bDirectorate of Drug Administration, _cc2006. |
||
| 300 |
_axv, 731 pages : _billustrations ; _c23 cm. |
||
| 504 | _aIncludes bibliographical references and index. | ||
| 650 | 0 |
_aDrugs _xDosage forms. _913835 |
|
| 710 | _aDirectorate of Drug Administration. | ||
| 942 |
_2ddc _cBK |
||